Aveyron - mort subite - Statistiques

Statistiques générales
  • Ce quiz a été pris 92 fois
  • Le résultat moyen est 8 sur 18
Answers on the Grid
Answers color-coded by a green-red scale on the quiz's grid according to % correct below.
Avignon
Rouen
Figeac
Villefranche-de-Rouergue
Roquefort-sur-Soulzon
Rodez
Damas
Noisy-le-Grand
Le lieu de naissance de Baudelaire
Moûtiers
Decazeville
La grotte de Lascaux
Le viaduc de Millau
Le pont le plus haut du monde
Kuching
Un aéroport international
Saint-Cirq-Lapopie
Najac
Capdenac-Gare
Saint-Affrique
Quelimane
Un sommet de 1000 m
Onet-le-Château
Brive-la-Gaillarde
Réquista
Les Grands Causses
Tanga
La Salle
Le Bas Ségala
Aubenas
Les Putéoliens
Villeneuve-sur-Lot
Le Lot
Luc-la-Primaube
Loupiac
St Geniez d'Olt et d'Aubrac
 
Statistiques - réponses
Réponse % Correct
Rodez
85%
Le viaduc de Millau
78%
Villefranche-de-Rouergue
76%
Decazeville
65%
D'où vient le fromage Roquefort-sur-Soulzon
54%
Saint-Affrique
54%
Onet-le-Château
46%
Najac
39%
Capdenac-Gare
37%
Le Bas Ségala
37%
Luc-la-Primaube
37%
Réquista
35%
St Geniez d'Olt et d'Aubrac
35%
Les Grands Causses
30%
Le Signal de Mailhebiau est le plus haut, 1469 m Un sommet de 1000 m
30%
Le Lot
24%
Rodez Un aéroport international
19%
Loupiac
9%
Aucun quiz correspondant
Distribution des résultats
% des personnes avec chaque résultat
Percentile par nombre de réponses
Votre historique - résultats
Vous n’avez pas pris ce quiz